000 00338nam a2200157Ia 4500
005 20251020182615.0
008 200515s9999 xx 000 0 und d
082 _aSC/691.624/F97
110 _aFurukawa
245 0 _aVidrios y cristales
260 _aLima
260 _cs.a.
650 _aCRISTALES
650 _aVIDRIO
942 _cLIB
999 _c3461
_d3461